00429nam a2200181Ia 4500008004100000020001800041050001400059100002000073245003300093245002000126260001500146260001600161260000900177300001600186300002700202300001000229500000800239170918s9999 xx 000 0 und d a9780439653053 bR614 2003 aRitter, John H. 4aThe boy who saved baseball / cJohn H. Ritter. aNew York : bScholastic, c2003 a213 pages : bcolored illustration ; c19cm. a660